000 00630nam a2200229Ia 4500
003 OSt
005 20220923230414.0
006 a|||||r|||| 00| 0
007 ta
008 Pun
024 _a281,567
037 _cTextual
040 _aARTS
_cARTS
_bPun
041 _2Pun
_aPun
082 _aO153,3M97:g, M3
100 _aਸਿੰਗਲ, ਧਰਮ ਪਾਲ
_9156265
245 0 _aਨਾਨਕ ਸਿੰਘ
_b ਇਕ ਪਰਿਚੈ
260 _c1983
650 _aਪੰਜਾਬੀ ਸਾਹਿਤ
942 _hO153,3M97:g, M3
_cTEXL
_2CC
999 _c384631
_d384631